| 000 | 00499nam a22001811a 4500 | ||
|---|---|---|---|
| 001 | 5656 | ||
| 003 | OSt | ||
| 005 | 20260204212023.0 | ||
| 008 | 060202s1989||||DR ||||||b||||||||||spa|| | ||
| 050 | _aRD 636.9322 C333c | ||
| 100 | _aDelgado Bogaert, Rogelio | ||
| 245 | _aComenzando a criar conejos / Rogelio Delgado Bogaert | ||
| 250 | _a4 | ||
| 264 | _aSanto Domingo: Escuela Nacional de Cunicultura | ||
| 300 | _a24 p | ||
| 650 | _a1.Conejo-Produción Animal 2- Cria-Conejoà | ||
| 942 |
_2ddc _cBK |
||
| 999 |
_c5656 _d5656 |
||